Retailing, sustainability and neighbourhood regeneration (Record no. 101721)

MARC details
000 -LEADER
fixed length control field 01269cam a2200289 4500
008 - FIXED-LENGTH DATA ELEMENTS--GENERAL INFORMATION
fixed length control field 011017n2001 000 0 eng u
020 ## - INTERNATIONAL STANDARD BOOK NUMBER
International Standard Book Number 1842630490
035 ## - SYSTEM CONTROL NUMBER
System control number (Sirsi) u115163
041 ## - LANGUAGE CODE
Language code of text/sound track or separate title eng.
050 ## - LIBRARY OF CONGRESS CALL NUMBER
Classification number 711.52
100 ## - MAIN ENTRY--PERSONAL NAME
Personal name Carley, M.
245 ## - TITLE STATEMENT
Title Retailing, sustainability and neighbourhood regeneration
260 ## - PUBLICATION, DISTRIBUTION, ETC.
Place of publication, distribution, etc. York
Name of publisher, distributor, etc. York Publishing
Date of publication, distribution, etc. 2001
300 ## - PHYSICAL DESCRIPTION
Extent ix,79p.
Dimensions 28cm.
350 ## - PRICE (NR) (BK AM CF MU VM SE) [OBSOLETE]
Price 14.95
490 ## - SERIES STATEMENT
Series statement Reconciling environmental and social concerns
520 ## - SUMMARY, ETC.
Summary, etc. Local shopping centres are at the heart of sustainable neighbourhoods, especially in regeneration areas where many residents are without a car. The revitalisation of local centres is crucial to sustainability and social inclusion. This study reports on 14 positive examples of retail regeneration, including refurbished parades of shops, precincts and market halls,and rebuilt estate shopping centres. Provides useful information on best practice, and examines unresolved issues of policy and practice.
650 ## - SUBJECT ADDED ENTRY--TOPICAL TERM
Topical term or geographic name entry element NEIGHBOURHOOD REGENERATION
650 ## - SUBJECT ADDED ENTRY--TOPICAL TERM
Topical term or geographic name entry element RETAILING
650 ## - SUBJECT ADDED ENTRY--TOPICAL TERM
Topical term or geographic name entry element RETAIL REGENERATION
650 ## - SUBJECT ADDED ENTRY--TOPICAL TERM
Topical term or geographic name entry element LOCAL SHOPPING CENTRES
650 ## - SUBJECT ADDED ENTRY--TOPICAL TERM
Topical term or geographic name entry element BEST PRACTICE
690 ## - LOCAL SUBJECT ADDED ENTRY--TOPICAL TERM (OCLC, RLIN)
Topical term or geographic name as entry element REGENERATION
700 ## - ADDED ENTRY--PERSONAL NAME
Personal name Kirk, K.
700 ## - ADDED ENTRY--PERSONAL NAME
Personal name McIntosh
Titles and other words associated with a name S.
942 ## - ADDED ENTRY ELEMENTS (KOHA)
Suppress in OPAC 0
Holdings
Withdrawn status Lost status Source of classification or shelving scheme Damaged status Not for loan Home library Current library Shelving location Date acquired Cost, normal purchase price Total Checkouts Full call number Barcode Date last seen Date last checked out Copy number Cost, replacement price Price effective from Koha item type
    Dewey Decimal Classification     London London Folio 03/04/2002 12.71 10 F711.52 CAR 30065716 06/08/2019 19/02/2009 1 12.71 06/08/2019 Book